| 000 | 01009nam a22003497a 4500 | ||
|---|---|---|---|
| 001 | BR9704431 | ||
| 003 | BR-BrBNA | ||
| 005 | 20230928095659.0 | ||
| 007 | ta | ||
| 008 | 230509b bl.||||| |||| 00| 0 por d | ||
| 040 |
_aBR-BrBNA _bpor _cBiblioteca Nacional de Agricultura |
||
| 041 | _a(Por) | ||
| 072 | _aF30 | ||
| 090 | _ F30 BR9704431 | ||
| 110 | 1 |
_aSociedade de Olericultura do Brasil, Manaus, AM (Brasil) _99878 |
|
| 111 | 1 |
_a37. Congresso Brasileiro de Olericultura _cManaus, AM (Brazil) _d27-31 Jul 1997 |
|
| 245 | 1 | _a37. Congresso Brasileiro de Olericultura. Resumos | |
| 260 | 3 |
_aManaus, AM (Brasil): _c1997. |
|
| 300 | _a61 p. | ||
| 500 | _aSummary Only | ||
| 650 | _aOlericultura | ||
| 650 | _aVariedade | ||
| 650 | _aAdubacao | ||
| 650 | _aComportamento de Variedade | ||
| 650 | _aDoenca de Planta | ||
| 650 | _aPraga de Planta | ||
| 650 | _aCrescimento | ||
| 650 | _aNitrogenio | ||
| 650 | _aIntroducao de Planta | ||
| 909 |
_a202309 _bLucia _c55 _dLucia Elande |
||
| 942 | _cBK | ||
| 999 |
_c58051 _d58051 |
||